Szczegóły MARC21

Jakob der Lügner : Roman /

003 -Nazwa inst., której nr kontr. jest w polu 001 [,]
    • @
    • Nazwa instytucji, której n kontrolny jest w polu 001
    • NUKAT
005 -DATA I CZAS OSTATNIEJ MODYFIKACJI [,]
    • @
    • pole kontrolne
    • 20241231095716.0
020 -Międzynarod. znormalizowany nr książki - ISBN [ , ]
    • a
    • Numer ISBN
    • 3518372742 Find
040 -Instytucja sporządzająca opis [ , ]
    • a
    • Instytucja, która sporządziła opis (NP)
    • SZCZ U/AB
    • b
    • Język katalogowania
    • pol
    • e
    • Zasady katalogowania
    • rda
    • c
    • Instytucja, która sporządziła rekord (NP)
    • SZCZ U/ABs
942 -Rodzaj dokumentu [ , ]
    • c
    • Rodzaj dokumentu
    • Książka
100 -Hasło główne - nazwa osobowa [1, ]
    • a
    • Nazwa osobowa (NP)
    • Becker, Jurek
    • d
    • Daty biograficzne (NP)
    • (1937-1997).
    • e
    • Rodzaj współpracy
    • Autor
    • 9
    • KHW
    • 229617
240 -Tytuł ujednolicony [1,0]
    • a
    • Tytuł ujednolicony
    • Jakob der Lügner
    • l
    • Język tekstu
    • (niem.)
    • 9
    • KHW
    • 423989
245 -Strefa tytułu i oznaczenia odpowiedzialności [1,0]
    • a
    • Tytuł
    • Jakob der Lügner : Find
    • b
    • Ciąg dalszy tytułu (NP)
    • Roman / Find
    • c
    • Pozostałe elementy strefy tytułu i oznaczenia odpowiedzialności (NP)
    • Jurek Becker.
250 -Strefa wydania [ , ]
    • a
    • Oznaczenie wydania (NP)
    • Erste Auflage.
260 -Strefa adresu wydawniczego [ , ]
    • a
    • Miejsce wydania (P)
    • Frankfurt am Main :
    • b
    • Nazwa wydawcy (P)
    • Suhrkamp,
    • c
    • Data wydania (P)
    • 1982.
300 -Strefa opisu fizycznego [ , ]
    • a
    • Określenie formy książki i/lub objętość (NP)
    • 282 [1] strona ;
    • c
    • Format (NP)
    • 18 cm.
336 -Typ zawartości [ , ]
    • a
    • Termin opisujący typ zawartości
    • Tekst
    • b
    • Kod określający zawartość
    • txt
    • 2
    • Źródło (terminu i kodu)
    • rdacontent
337 -Typ mediów [ , ]
    • a
    • Tryb odtwarzania
    • Bez urządzenia pośredniczącego
    • b
    • Kod typu mediów
    • n
    • 2
    • Źródło (terminu i kodu)
    • rdamedia
338 -Typ/rodzaj nośnika [ , ]
    • a
    • Hasło opisujące typ nośnika
    • Wolumin
    • b
    • Kod typu nośnika
    • nc
    • 2
    • Źródło (terminu i kodu)
    • rdacarrier
380 -Deskryptor - Forma dzieła (P) [ , ]
    • a
    • forma dzieła (NP)
    • Proza
490 -Strefa serii i książki wielotomowej - forma nie do wyszukiwania [1, ]
    • a
    • Tytuł (P)
    • Suhrkamp Taschenbuch ; Find
    • v
    • Numeracja (P)
    • 774
830 -Hasło dodatkowe serii i opisu książki wielotomowej - tytuł ujednolicony/tytuł [ ,0]
    • a
    • Tytuł ujednolicony/tytuł (NP)
    • Suhrkamp Taschenbuch
    • x
    • ISSN
    • 0930-9721
    • v
    • Oznaczenie tomu (NP)
    • 774
    • 9
    • KHW
    • 37681
080 -Uniwersalna Klasyfikacja Dziesiętna [ , ]
    • a
    • Symbol klasyfikacji
    • 830-31=30
655 -Hasło w funkcji tematu formalnego [ ,7]
    • a
    • Hasło
    • Powieść niemiecka
    • y
    • Określnik chronologiczny
    • 1945-1970.
    • 2
    • Źródło terminu
    • kaba
    • 9
    • KHW
    • 358978
980 -Symbol UKD [ , ]
    • a
    • UKD
    • 830-31=30
710 -Hasło dodatkowe - nazwa ciała zbiorowego [2, ]
    • a
    • Nazwa ciała zbiorowego lub nazwa geograficzna jako pierwszy element (NP)
    • Suhrkamp Verlag.
    • e
    • Rodzaj współpracy
    • Wydawca
    • 4
    • Kod relacji
    • pbl
    • 9
    • KHW
    • 56105
920 -ISBN [ , ]
    • a
    • ISBN
    • 3-518-37274-2 Find
Sygnatura Numer inwentarzowy Status udost. Lokalizacja Data inwentaryzacji
Germ. Literatura niemieckaG.10046-3BM1995-11-13
Germ. Literatura niemieckaG.13271-3BM1998-08-25
Germ. Literatura niemieckaG.13925-3BM1998-09-18
Germ. Literatura niemieckaG.13912-3BM1998-09-18
Germ. Literatura niemieckaG.13914-3BM1998-09-18
Germ. Literatura niemieckaG.13915-3BM1998-09-18
Germ. Literatura niemieckaG.13919-3BM1998-09-18
Germ. Literatura niemieckaG.13926-3BM1998-09-18
Germ. Literatura niemieckaG.13916-3BM1998-09-18
Germ. Literatura niemieckaG.13918-3BM1998-09-18
Germ. Literatura niemieckaG.13927-3BM1998-09-18
Germ. Literatura niemieckaG.13924-3BM1998-09-18
Germ. Literatura niemieckaG.13907-3BM1998-09-18
Germ. Literatura niemieckaG.13908-3BM1998-09-18
Germ. Literatura niemieckaG.13923-3BM1998-09-18
Germ. Literatura niemieckaG.13911-3BM1998-09-18
Germ. Literatura niemieckaG.13909-3BM1998-09-18
Germ. Literatura niemieckaG.13910-3BM1998-09-18
Germ. Literatura niemieckaG.13913-3BM1998-09-18
Germ. Literatura niemieckaG.13917-3BM1998-09-18
Germ. Literatura niemieckaG.13920-3BM1998-09-18
 G.6806-3BM 
 G.100471BM 
 G.100481BM 
 G.100491BM 
 G.100501BM